00237pam a2200085a 44500008004100000041000800041100001900049245003700068260004600105230405s2010 xxu||||| |||| 00| 0 eng d aENG aBedi & Kishore aGlobal Human Resource Management abWisdom Publication C-14 D.S.I.D.Cc2010